<?xml version="1.0" encoding="UTF-8"?>
<record
    xmlns:xsi="http://www.w3.org/2001/XMLSchema-instance"
    xsi:schemaLocation="http://www.loc.gov/MARC21/slim http://www.loc.gov/standards/marcxml/schema/MARC21slim.xsd"
    xmlns="http://www.loc.gov/MARC21/slim">

  <leader>00981nam a22001937a 4500</leader>
  <controlfield tag="005">20250820153047.0</controlfield>
  <datafield tag="010" ind1=" " ind2=" ">
    <subfield code="a">HIN-130235</subfield>
  </datafield>
  <datafield tag="020" ind1=" " ind2=" ">
    <subfield code="a">9789358916843</subfield>
    <subfield code="c">150.00</subfield>
  </datafield>
  <datafield tag="035" ind1=" " ind2=" ">
    <subfield code="a">HN-102581</subfield>
  </datafield>
  <datafield tag="037" ind1=" " ind2=" ">
    <subfield code="b">&#x928;&#x942;&#x930;&#x93E;&#x928;&#x940; &#x911;&#x92B;&#x938;&#x947;&#x91F; &#x92A;&#x94D;&#x930;&#x947;&#x938; </subfield>
  </datafield>
  <datafield tag="082" ind1=" " ind2=" ">
    <subfield code="a">954.88035</subfield>
  </datafield>
  <datafield tag="100" ind1=" " ind2=" ">
    <subfield code="a">&#x92B;&#x932;&#x93E;&#x939;&#x940;, &#x936;&#x92B;&#x940;&#x92B;&#x93C; &#x905;&#x939;&#x92E;&#x926;  </subfield>
    <subfield code="9">84121</subfield>
  </datafield>
  <datafield tag="245" ind1=" " ind2=" ">
    <subfield code="a">&#x905;&#x902;&#x921;&#x92E;&#x93E;&#x928; - &#x928;&#x93F;&#x915;&#x94B;&#x92C;&#x93E;&#x930; &#x926;&#x94D;&#x935;&#x940;&#x92A;&#x938;&#x92E;&#x942;&#x939;:</subfield>
    <subfield code="c">&#x936;&#x92B;&#x940;&#x92B;&#x93C; &#x905;&#x939;&#x92E;&#x926; &#x92B;&#x932;&#x93E;&#x939;&#x940;</subfield>
    <subfield code="b">&#x928;&#x93F;&#x930;&#x940;&#x915;&#x94D;&#x937;&#x923; &#x924;&#x925;&#x93E; &#x935;&#x93F;&#x926;&#x93F;&#x924;/</subfield>
  </datafield>
  <datafield tag="250" ind1=" " ind2=" ">
    <subfield code="a">&#x92A;&#x94D;&#x930;&#x925;&#x92E; </subfield>
  </datafield>
  <datafield tag="260" ind1=" " ind2=" ">
    <subfield code="a">&#x928;&#x93E;&#x936;&#x93F;&#x915;</subfield>
    <subfield code="b">&#x928;&#x942;&#x930;&#x93E;&#x928;&#x940; &#x911;&#x92B;&#x938;&#x947;&#x91F; &#x92A;&#x94D;&#x930;&#x947;&#x938; </subfield>
    <subfield code="c">2023</subfield>
  </datafield>
  <datafield tag="270" ind1=" " ind2=" ">
    <subfield code="a">&#x938;&#x93F;&#x91F;&#x940; &#x92C;&#x941;&#x915; &#x921;&#x93F;&#x92A;&#x94B;, &#x915;&#x938;&#x93E;&#x92C; &#x92C;&#x93E;&#x921;&#x93C;&#x93E; &#x92E;&#x938;&#x94D;&#x91C;&#x93F;&#x926;, &#x92E;&#x94B;. &#x905;&#x932;&#x940; &#x930;&#x94B;&#x921;, &#x92E;&#x93E;&#x932;&#x947;&#x917;&#x93E;&#x901;&#x935; </subfield>
    <subfield code="b">&#x92E;&#x93E;&#x932;&#x947;&#x917;&#x93E;&#x901;&#x935;</subfield>
  </datafield>
  <datafield tag="300" ind1=" " ind2=" ">
    <subfield code="a">180&#x92A;&#x943;  </subfield>
    <subfield code="c">22 &#x938;&#x947;&#x92E;&#x940; (&#x905;&#x91C;&#x93F;&#x932;&#x94D;&#x926;)</subfield>
  </datafield>
  <datafield tag="942" ind1=" " ind2=" ">
    <subfield code="a">DBAD</subfield>
    <subfield code="c">HN</subfield>
    <subfield code="2">ddc</subfield>
    <subfield code="h">954.88035</subfield>
    <subfield code="m">&#x92B;&#x932;&#x93E;&#x939;&#x940;</subfield>
  </datafield>
  <datafield tag="999" ind1=" " ind2=" ">
    <subfield code="c">213044</subfield>
    <subfield code="d">213044</subfield>
  </datafield>
  <datafield tag="952" ind1=" " ind2=" ">
    <subfield code="0">0</subfield>
    <subfield code="1">0</subfield>
    <subfield code="4">0</subfield>
    <subfield code="7">0</subfield>
    <subfield code="8">NFIC</subfield>
    <subfield code="a">ZLS</subfield>
    <subfield code="b">ZLS</subfield>
    <subfield code="d">2025-08-20</subfield>
    <subfield code="e">DBAD</subfield>
    <subfield code="g">150.00</subfield>
    <subfield code="l">0</subfield>
    <subfield code="o">954.88035 &#x92B;&#x932;&#x93E;&#x939;&#x940;</subfield>
    <subfield code="p">HN-102581</subfield>
    <subfield code="r">2025-08-20 00:00:00</subfield>
    <subfield code="t">1</subfield>
    <subfield code="v">150.00</subfield>
    <subfield code="w">2025-08-20</subfield>
    <subfield code="y">HN</subfield>
  </datafield>
</record>
